Central Library OPAC University of Rajshahi

A commentary on the creed of Islam : (Record no. 26548)

MARC details
000 -LEADER
fixed length control field 01507nam a2200301 a 4500
001 - CONTROL NUMBER
control field 26548
003 - CONTROL NUMBER IDENTIFIER
rucl marc code BD-RjUL
005 - DATE AND TIME OF LATEST TRANSACTION
control field 20211209051031.0
008 - FIXED-LENGTH DATA ELEMENTS--GENERAL INFORMATION
fixed length control field 181011s1950 nyu b 000 0 eng
035 ## - SYSTEM CONTROL NUMBER
System control number (BD-RjUL)26618
040 ## - CATALOGING SOURCE
Original cataloging agency DLC
Transcribing agency DZM
Modifying agency SER
-- BD-RjUL
Language of cataloging eng
041 1# - LANGUAGE CODE
Language code of text/sound track or separate title eng
Language code of original ara
082 ## - DEWEY DECIMAL CLASSIFICATION NUMBER
Classification number 297.2
Edition number 23
Author mark and year ALC 1950
100 1# - MAIN ENTRY--PERSONAL NAME
Personal name Al-Taftazani, Sa'd al-Dīn Mas'ud Ibn ʿUmar
Dates associated with a name 1322-1389.
9 (RLIN) 223628
110 ## - MAIN ENTRY--CORPORATE NAME
Linkage Najm al-Din Abū Ḣafṡ 'Umar Ibn Muhammad al-Nasafi
245 12 - TITLE STATEMENT
Title A commentary on the creed of Islam :
Remainder of title Saʿd al-Dīn al-Taftāzānī on the creed of Najm al-Dīn al-Nasafī /
Statement of responsibility, etc. Sa'd al-Dīn Mas'ud Ibn ʿUmar al-Taftazani, Najm al-Din Abū Ḣafṡ 'Umar Ibn Muhammad al-Nasafi ; Translated with introduction and notes by Earl Edgar Elder.
260 ## - PUBLICATION, DISTRIBUTION, ETC. (IMPRINT)
Place of publication, distribution, etc. New York :
Name of publisher, distributor, etc. Columbia University Press,
Date of publication, distribution, etc. 1950.
300 ## - PHYSICAL DESCRIPTION
Pagination xxxii, 187 p.
Size 24 cm.
490 1# - SERIES STATEMENT
Series statement Records of civilization, sources and studies ;
Volume/sequential designation no. 43
500 ## - GENERAL NOTE
General note "The translation was first made as a part of the requirements for the degree of doctor of philosophy a the Kennedy School of Missions of the Hartford Seminary Foundation."
504 ## - BIBLIOGRAPHY, ETC. NOTE
Bibliography, etc Bibliography: p. [171]-175.
650 #0 - SUBJECT ADDED ENTRY--TOPICAL TERM
Topical term or geographic name as entry element Islam.
General subdivision Doctrines
9 (RLIN) 223630
Topical term or geographic name as entry element Islam
General subdivision Essence, genius, nature
9 (RLIN) 223631
700 1# - ADDED ENTRY--PERSONAL NAME
Personal name Al-Nasafi, Najm al-Din Abū Ḣafṡ 'Umar Ibn Muhammad, jt. auth.
Personal name Elder, Earl Edgar, 1887- , tr.
830 #0 - SERIES ADDED ENTRY--UNIFORM TITLE
Uniform title Records of civilization, sources and studies ;
Volume number/sequential designation no. 43.
942 ## - ADDED ENTRY ELEMENTS (KOHA)
Source of classification or shelving scheme Dewey Decimal Classification
Koha item type Rare Books
Holdings
Lost status Source of classification or shelving scheme Damaged status Not for loan Collection code Permanent Location Current Location Shelving location Date acquired Source of acquisition Cost, normal purchase price Total Checkouts Full call number Date last seen Copy number Koha item type
  Dewey Decimal Classification   Not For Loan Rare Books Central Library, University of Rajshahi Central Library, University of Rajshahi Rare Book Section 18/11/1966 Dacca, Qureshi, 19.20   RA 297.2 ALC 1950 11/10/2018 C-1 Rare Books